000 00561nam a2200205Ia 4500
005 20250508170309.0
008 008 250505s9999 xx 000 0 eng d
037 _aTextual
040 _aFEDL
_beng
_cFEDL
041 _aeng
_2eng
084 _a157.7, WHI
_qFEDL
100 _aWhite Robert W.
245 0 _aAbnormal personality : A text book
250 _a2nd
260 _aNew York, USA
_bThe Ronald Press Company
_c1956
300 _aix,644p.
650 _aAbnormal Psychology
942 _cTEXL
_h157.7, WHI
999 _c1400250
_d1400250